Bài tập toán cao cấp. T.2, Phép tính giải tích một biến số /

Số thực. Hàm số một biến số thực. Giới hạn và sự liên tục của hàm số một biến số. Đạo hàm và vi phân của hàm số một biến số. Các định lý về giá trị trung bình. Nguyên hàm và tích phân bất định. Tích phân xác định. Chuỗi....

Description complète

Enregistré dans:
Détails bibliographiques
Auteur principal: Nguyễn Đình Trí (chủ biên.)
Autres auteurs: Tạ Văn Đĩnh., Nguyễn Hồ Quỳnh.
Format: Livre
Langue:Vietnamese
Publié: Hà Nội : Giáo dục, 2005.
Édition:Tái bản lần thứ 5.
Sujets:
Tags: Ajouter un tag
Pas de tags, Soyez le premier à ajouter un tag!
Thư viện lưu trữ: Mạng thư viện Đại học Đà Nẵng
LEADER 01634cam a2200397 a 4500
001 000044962
003 4070
005 20070725103612.0
008 010220b2005 vm 000 vie
020 |c 14600 
040 |a LIRC  |c LIRC  |d LIRC 
041 0 |a vie 
082 1 4 |a 512.15  |b NG-T 
100 1 |a Nguyễn Đình Trí,  |e chủ biên. 
245 1 0 |a Bài tập toán cao cấp.  |n T.2,  |p Phép tính giải tích một biến số /  |c Nguyễn Đình Trí (chủ biên), Tạ Văn Đĩnh, Nguyễn Hồ Quỳnh. 
250 |a Tái bản lần thứ 5. 
260 |a Hà Nội :  |b Giáo dục,  |c 2005. 
300 |a 272 tr. ;  |c 21 cm. 
520 3 |a Số thực. Hàm số một biến số thực. Giới hạn và sự liên tục của hàm số một biến số. Đạo hàm và vi phân của hàm số một biến số. Các định lý về giá trị trung bình. Nguyên hàm và tích phân bất định. Tích phân xác định. Chuỗi. 
630 0 4 |a Toán học. 
630 0 4 |a Giải tích học. 
650 0 4 |a Giải tích học  |x Bài tập. 
700 1 |a Tạ Văn Đĩnh. 
700 1 |a Nguyễn Hồ Quỳnh. 
OWN |a DUT 
AVA |a UDN50  |b DUT  |c Book  |d 512.15 NG-T  |e available  |t Error 5001 Not defined in file expand_doc_bib_avail.  |f 6  |g 0  |h N  |i 8  |j SH  |k 1 
999 |a From the UDN01 
AVA |a UDN50  |b DUT  |c Book  |d 512.15 NG-T  |e available  |t Error 5001 Not defined in file expand_doc_bib_avail.  |f 6  |g 0  |h N  |i 8  |j SH  |k 1 
TYP |a Monograph 
TYP |a Printed language 
980 |a Mạng thư viện Đại học Đà Nẵng